Ludwig Otto Hesse's gesammelte werke. (Record no. 23923)

MARC details
000 -LEADER
fixed length control field 01183cam a22002411 4500
001 - CONTROL NUMBER
control field g 01002181
003 - CONTROL NUMBER IDENTIFIER
control field DLC
005 - DATE AND TIME OF LATEST TRANSACTION
control field 20260227111257.0
008 - FIXED-LENGTH DATA ELEMENTS--GENERAL INFORMATION
fixed length control field 840927s1897 gw c b 00010dger
010 ## - LIBRARY OF CONGRESS CONTROL NUMBER
LC control number g 01002181 //r953
040 ## - CATALOGING SOURCE
Original cataloging agency DLC/ICU
Transcribing agency ICU
Modifying agency DLC
050 00 - LIBRARY OF CONGRESS CALL NUMBER
Classification number QA3
Item number .H58
100 10 - MAIN ENTRY--PERSONAL NAME
Personal name Hesse, Ludwig Otto,
Dates associated with a name 1811-1874.
245 00 - TITLE STATEMENT
Title Ludwig Otto Hesse's gesammelte werke.
Statement of responsibility, etc. Hrsg. von der Mathematisch-physikalischen classe der Königlich bayerischen akademie der wissenschaften ...
260 0# - PUBLICATION, DISTRIBUTION, ETC.
Place of publication, distribution, etc. München,
Name of publisher, distributor, etc. Verlag der K. Akademie, In commission des G. Franz'schen verlags (J. Roth)
Date of publication, distribution, etc. 1897.
300 ## - PHYSICAL DESCRIPTION
Extent viii p., 1 l., 732 p.
Other physical details front. (port.)
Dimensions 30 x 24 cm.
500 ## - GENERAL NOTE
General note "Otto Hesse's lebenslauf": p. [711]-722.
504 ## - BIBLIOGRAPHY, ETC. NOTE
Bibliography, etc. note "Verzeichniss der selbständig erschienenen werke O. Hesse's": p. [723]
504 ## - BIBLIOGRAPHY, ETC. NOTE
Bibliography, etc. note "Wissenschaftlicher nachlass O. Hesse's, im besitz des Mathematischen instituts der Technischen hochschule zu München": p. [724]-727.
504 ## - BIBLIOGRAPHY, ETC. NOTE
Bibliography, etc. note "Manuscripte O. Hesse's im besitz der K. Hof- und staatsbibliothek zu München": p. [728]
650 #0 - SUBJECT ADDED ENTRY--TOPICAL TERM
Topical term or geographic name entry element Mathematics.
710 20 - ADDED ENTRY--CORPORATE NAME
Corporate name or jurisdiction name as entry element Bayerische Akademie der Wissenschaften.
Subordinate unit Mathematisch-Physikalische Klasse.

No items available.

Powered by Koha